| 000 | 01136cam a2200337 a 4500 | ||
|---|---|---|---|
| 001 | 3862125 | ||
| 003 | OSt | ||
| 005 | 20240624124857.0 | ||
| 008 | 880629s1987 enka b 001 0 eng d | ||
| 010 | _a 88155810 | ||
| 015 | _aGB87-21990 | ||
| 020 | _a1852210273 (pbk.) | ||
| 020 | _a1852210281 | ||
| 035 | _a(OCoLC)15663797 | ||
| 040 |
_aUk _cMUST _dInU _dDLC |
||
| 042 | _alccopycat | ||
| 082 | 0 | 4 | _a599.01/88 TUR 1987 |
| 245 | 0 | 0 |
_aNeurochemistry : _ba practical approach / _cedited by A.J. Turner, H.S. Bachelard. |
| 260 |
_aOxford ; _aWashington, DC : _bIRL Press, _c1987. |
||
| 300 |
_axviii, 277 p. : _bill. ; _c23 cm. |
||
| 440 | 0 |
_aPractical approach series _917693 |
|
| 504 | _aIncludes bibliographical references and index. | ||
| 650 | 0 |
_aNeurochemistry. _917694 |
|
| 650 | 0 |
_aNeurophysiology. _93154 |
|
| 650 | 0 |
_aMammals _xPhysiology. _917695 |
|
| 700 | 1 |
_aTurner, A. J. _q(Anthony John), _d1947- _917696 |
|
| 700 | 1 |
_aBachelard, H. S. _917697 |
|
| 906 |
_a7 _bcbc _ccopycat _d3 _encip _f19 _gy-gencatlg |
||
| 942 |
_2ddc _cO_SHELF |
||
| 999 |
_c8750 _d8750 |
||